Selected Apec documents 1998
Guardado en:
| Autor Corporativo: | |
|---|---|
| Formato: | Libro |
| Lenguaje: | inglés |
| Publicado: |
Singapur
APEC
1999
|
| Materias: | |
| Etiquetas: |
Agregar Etiqueta
Sin Etiquetas, Sea el primero en etiquetar este registro!
|
MARC
| LEADER | 00000nam a2200000 a 4500 | ||
|---|---|---|---|
| 001 | UCN3863 | ||
| 003 | CL-VaPUC | ||
| 008 | 010713e19990000SI |||||||||||||||||eng|d | ||
| 082 | 0 | 4 | |a 337.1 |b APE |2 21 |
| 110 | 2 | |a APEC |e author |9 460447 | |
| 245 | 1 | 0 | |a Selected Apec documents 1998 |
| 300 | |a 102 p | ||
| 942 | |c BK | ||
| 945 | |d 20010713 00:00:00 |a rbrito | ||
| 260 | |a Singapur |b APEC |c 1999 | ||
| 650 | 0 | |a Cooperación internacional |9 255447 | |
| 650 | 0 | |a Desarrollo económico |9 259599 | |
| 650 | 7 | |a COMERCIO INTERNACIONAL |2 CL-VaPUC |9 460448 | |
| 650 | 7 | |a TRANSFERENCIA INTERNACIONAL DE TECNOLOGIA |2 CL-VaPUC |9 337090 | |
| 583 | |a last modification |c 20130422 11:11:07 |k Rodrigo Vera | ||
| 999 | |c 296534 |d 296532 | ||
| 952 | |0 0 |1 0 |4 0 |6 337_100000000000000_APE_1999 |7 0 |8 A |9 350337 |a BIBGIM |b BIBGIM |d 2019-11-20 |i 3604330 |o 337.1 APE 1999 |p 3604330 |r 2025-01-15 |w 2019-11-20 |y BK |k ORI | ||